Innovación estratégica y creación de valor (Registro nro. 14429)
[ vista simple ]
| 000 -LEADER | |
|---|---|
| fixed length control field | 00330 a2200109 4500 |
| 001 - CONTROL NUMBER | |
| control field | ART_9756 |
| 005 - DATE AND TIME OF LATEST TRANSACTION | |
| control field | 20260410161653.0 |
| 008 - FIXED-LENGTH DATA ELEMENTS--GENERAL INFORMATION | |
| fixed length control field | 260409a |
| 100 1# - MAIN ENTRY--PERSONAL NAME | |
| Personal name | Hamel, Gary |
| 245 10 - TITLE STATEMENT | |
| Title | Innovación estratégica y creación de valor |
| 773 0# - HOST ITEM ENTRY | |
| Title | Harvard Deusto Business Review |
| Related parts | - Nº 84 (may./jun. 1998) |
| Record control number | REV521 |
No hay ítems disponibles.